000 01039nam a2200277 i 4500
003 DO-SdBNP
005 20240305141120.0
007 ta
008 240229s2014 dr 000 j spa d
020 _a9789945452679
040 _aDO-SdBNP
_bspa
_cBNPHU
_erda
082 _bB333
_222
100 1 _aBatista, León Félix,
_d1964-
_912031
245 1 0 _aUn minuto de retraso mental /
_cLeón Féliz Batista
264 1 _aPuerto Plata, República Dominicana :
_bEl Nuevo Diario,
_bRenovación,
_bSociedad Cultural Renovación
_c2014.
300 _a87 páginas,
_c23 cm.
336 _2rdacontent
_atexto
_btxt
337 _2rdamedia
_asin mediación
_bn
338 _2rdacarrier
_avolumen
_bnc
500 _aIncluye datos biográficos del autor en la página 13.
500 _aPremio único a nivel nacional, categoría adultos, género Poesía.
586 _aPremio Emilio Prud´Homme, Género Poesía. Concurso literario Por Nuestro País Primero, 2013.
590 _aInventariado, 2024/ YL
910 _aYLockward
942 _2ddc
_cLBS1
999 _c56009
_d56009